000
00310nam a2200133Ia 4500
999
_c
6
_d
6
003
OSt
008
191201s2007 xx 000 0 und d
100
_a
RONHUBBARD, L
245
0
_a
Dianetics the Original Thesis
260
_a
N. delhi
_b
Hubbard Pub
_c
2007
300
_a
293
650
_a
General Books
942
_2
ddc
_c
BK